Organisational behaviour text and cases

Bibliographic Details
Main Author: Sekaran, Uma
Format: Book
Subjects:

MARC

LEADER 00000cam a2200000 7i4500
001 0000009965
002 000010855
005 20080131.0
020 |a 0074603663 
090 0 0 |a 658   |b SEK 
100 1 |a Sekaran, Uma 
245 1 0 |a Organisational behaviour text and cases   |c Uma Sekaran 
650 0 0 |a Organizational behavior 
999 |a 053042   |b BUKU   |c PINJAMAN   |e PERPUSTAKAAN KOMUNITI PETALING JAYA